[Event "7th Open"]
[Site "Creon FRA"]
[Date "2002.07.29"]
[Round "2"]
[White "Epishin,V"]
[Black "Grooten,H"]
[Result "1/2-1/2"]
[WhiteElo "2643"]
[BlackElo "2375"]

1.d4 Nf6 2.c4 e6 3.Nf3 b6 4.g3 Ba6 5.b3 Bb4+ 6.Bd2 Be7 7.Nc3 d5 8.cxd5 exd5
9.Bg2 Bb7 10.O-O O-O 11.Rc1 Na6 12.Ne5 Qc8 13.Nd3 h6 14.Qc2 Rd8 15.Qb2 Ne4
16.Be3 c5 17.Na4 Bf6 18.Qa3 Bc6 19.dxc5 b5 20.Nab2 b4 21.Qa5 Re8 22.Na4 Bd8
23.Nb6 axb6 24.cxb6 Nc3 25.Rxc3 bxc3 26.Bd4 Nc7 27.Qb4 Be7 28.Nc5 Na6 29.Nxa6 Bxb4
30.Nxb4 Bb7 31.e3 Ra5 32.a4 c2 33.Rc1 Rc5 34.Na2 Re6 35.Bh3 Rcc6 36.a5 Qf8
37.b4 Rc4 38.Bf5 Ba6 39.Kg2 Re4 40.b5 Bxb5 41.Nc3 Qe8 42.Rxc2 Rexd4 43.exd4 Bd7
44.Bxd7 Qxd7 45.a6 Rb4 46.Ra2 Qc6 47.b7 Rxb7 48.axb7 Qxb7 49.Ne2 g5 50.Ra3 Kg7
51.Re3 Kg6 52.h3 h5 53.h4 f6 54.hxg5 fxg5 55.Re6+ Kf7 56.Re5 Qb2 57.Ng1 Kf6
58.Ne2 Qd2 59.Kh2 h4 60.gxh4 gxh4 61.Kh3 Qe1 62.Kxh4 Qxf2+ 63.Kg4 Qxd4+  1/2-1/2

[Event "ch-BEL"]
[Site "Geel BEL"]
[Date "2002.08.03"]
[Round "8"]
[White "Dgebuadze,A"]
[Black "Marechal,A"]
[Result "1-0"]
[WhiteElo "2531"]
[BlackElo "2288"]

1.d4 Nf6 2.Nf3 e6 3.c4 b6 4.g3 Ba6 5.Qa4 c6 6.Nc3 d5 7.cxd5 exd5 8.Ne5 Bb7
9.Bg2 Be7 10.O-O O-O 11.Bf4 b5 12.Qb3 a5 13.a3 Nbd7 14.Rfd1 Qb6 15.Nxd7 Nxd7
16.e4 dxe4 17.Nxe4 Rad8 18.Rac1 Nf6 19.Nxf6+ Bxf6 20.d5 c5 21.Be3 Be7 22.Qc2 Qa6
23.Bxc5 Bxc5 24.Qxc5 Rc8 25.Qd4 a4 26.Rxc8 Rxc8 27.d6 Bxg2 28.d7 Rd8 29.Kxg2 Qc6+
30.Qd5 Qxd5+ 31.Rxd5 Kf8 32.Kf3 Ke7 33.Ke4 Rb8 34.d8=Q+  1-0

[Event "Inline Czechia Cup"]
[Site "Olomouc CZE"]
[Date "2002.08.04"]
[Round "5"]
[White "Gavrilov,Al"]
[Black "Jurek,J"]
[Result "1-0"]
[WhiteElo "2487"]
[BlackElo "2357"]

1.d4 Nf6 2.c4 e6 3.Nf3 b6 4.g3 Ba6 5.Nbd2 d5 6.Bg2 Be7 7.O-O O-O 8.Ne5 Bb7
9.Qc2 c5 10.dxc5 bxc5 11.Nb3 Qb6 12.cxd5 exd5 13.Be3 Na6 14.Rac1 Qe6 15.Nf3 Ne4
16.Nfd2 Nxd2 17.Qxd2 Rac8 18.Rfd1 Rfd8 19.Qa5 Qb6 20.h4 Ba8 21.Bd2 Bf6 22.Qa4 Qe6
23.Bg5 h6 24.Bxf6 Qxf6 25.Rd2 Qb6 26.e3 Nb4 27.Rcd1 Bc6 28.Qa5 c4 29.Qxb6 axb6
30.Nd4 Bd7 31.a3 Nd3 32.Rb1 Be6 33.Kf1 Nc5 34.Rbd1 Kf8 35.Ke2 c3 36.bxc3 Na4
37.Rc1 Nxc3+ 38.Kd3 Na4 39.Rxc8 Rxc8 40.Rc2 Nc5+ 41.Kd2 Ra8 42.Rc3 Na4 43.Rc6 Nc5
44.Nc2 Rb8 45.Rc7 Ra8 46.Rc6 Rb8 47.Nb4 Ra8 48.Rxb6 Rxa3 49.Bxd5 Bxd5 50.Rb8+ Ke7
51.Nxd5+ Ke6 52.Nc3 Na4 53.Nxa4 Rxa4 54.Rb5 Ra2+ 55.Ke1 f5 56.Rb6+ Kf7 57.Kf1 h5
58.Kg2 g6 59.Kf3 Ra4 60.Rd6 Rb4 61.Rd4 Rb2 62.Ra4 Rc2 63.Ra7+ Kf6 64.Ra6+ Kf7
65.Ra1 Rc4 66.Ra2 Kf6 67.Ke2 Rb4 68.Kd3 Rb6 69.Rc2 Rd6+ 70.Ke2 Ra6 71.f3 Ra3
72.Rc6+ Kf7 73.Rd6 Rb3 74.Rd3 Rb4 75.Rd4 Rb3 76.Rd2 Ra3 77.Kf2 Ra4 78.Re2 Kf6
79.Rd2 Rb4 80.Ra2 Rc4 81.Ke2 Rb4 82.Rc2 Ra4 83.Kd3 Ra3+ 84.Kd4 Ra1 85.Rc6+ Kg7
86.Ke5 Ra3 87.Kf4 Kf7 88.Rb6 Rc3 89.e4 fxe4 90.fxe4 Ra3 91.Rb7+ Ke6 92.Rb6+ Kf7
93.Rd6 Rb3 94.Rc6 Ra3 95.Ke5 Kg7 96.Rc7+ Kh6 97.Kf4 Ra4 98.Rd7  1-0

[Event "6th HZ Open"]
[Site "Vlissingen NED"]
[Date "2002.08.05"]
[Round "3"]
[White "Haak,E"]
[Black "Gyimesi,Z"]
[Result "0-1"]
[WhiteElo "2197"]
[BlackElo "2580"]

1.d4 Nf6 2.Nf3 e6 3.c4 b6 4.g3 Ba6 5.b3 b5 6.Bg2 bxc4 7.Ne5 Bb4+ 8.Kf1 c6
9.bxc4 O-O 10.Qa4 Ba5 11.Bf3 d5 12.Ba3 Re8 13.Kg2 Nfd7 14.Nxd7 Nxd7 15.cxd5 cxd5
16.Rc1 Rb8 17.Nc3 Bc4 18.e3 Nf6 19.Bc5 h5 20.Qa3 a6 21.Na4 Bc7 22.Rab1 Rxb1
23.Rxb1 g5 24.Bb6 Bxb6 25.Nxb6 Bb5 26.Na4 Qa5 27.Bd1 Qe1 28.Bc2 Qe2 29.Qb2 Ng4
30.Bh7+ Kxh7  0-1

[Event "TUR-GEO Chess Summit"]
[Site "Ankara TUR"]
[Date "2002.08.08"]
[Round "5"]
[White "Magalashvili,D"]
[Black "Olcayoz,A"]
[Result "1-0"]
[WhiteElo "2178"]
[BlackElo "2312"]

1.d4 Nf6 2.c4 e6 3.Nf3 b6 4.g3 Ba6 5.b3 Bb7 6.Bg2 Bb4+ 7.Bd2 a5 8.Nc3 O-O
9.O-O d6 10.Qc2 Bxc3 11.Bxc3 Be4 12.Qb2 Nbd7 13.Rad1 c6 14.a4 Qb8 15.Qd2 Rc8
16.Rc1 h6 17.Ne1 Bxg2 18.Nxg2 d5 19.Nf4 Qd6 20.Rfd1 Qe7 21.Bb2 Ne4 22.Qc2 Qg5
23.cxd5 exd5 24.f3 Nd6 25.e4 b5 26.e5 Nf5 27.Qd3 bxa4 28.bxa4 Nb6 29.Rc2 Ne7
30.Ba3 Nc4 31.Rb1 Rab8 32.Rcc1 Nf5 33.Bc5 h5 34.Kf2 h4 35.Ne2 Nb2 36.Qa3 Qd2
37.Rc3 Nd1+ 38.Rxd1 Qxd1 39.g4 Nh6 40.Rc1 Qd2 41.Qc3 Qa2 42.Ra1 Qb2 43.Ra3 Qxc3
44.Rxc3 Rb2 45.h3 Ra2 46.Ba3 Rb8 47.f4 Rb1 48.Re3 Rba1 49.Bd6 Rxa4 50.f5 Kh7
51.e6 fxe6 52.fxe6 Ng8 53.e7 Nxe7 54.Rxe7 R1a2 55.Be5 Kg8 56.g5 g6 57.Re6 Rb2
58.Rxg6+ Kf7 59.Rf6+ Ke7 60.Rf3 Raa2 61.Re3 Kf7 62.Kf3 Kg6 63.Bf6 a4 64.Nf4+ Kh7
65.Re7+ Kg8 66.Rg7+  1-0

[Event "ch-SLO"]
[Site "Dobrna SLO"]
[Date "2002.08.08"]
[Round "5"]
[White "Mikhalchishin,A"]
[Black "Mikac,M"]
[Result "1-0"]
[WhiteElo "2533"]
[BlackElo "2410"]

1.d4 Nf6 2.Nf3 e6 3.c4 b6 4.g3 Ba6 5.Qa4 c6 6.Nc3 d5 7.cxd5 b5 8.Qb3 exd5
9.Bg5 b4 10.Na4 Bd6 11.e3 Bxf1 12.Kxf1 Nbd7 13.Rc1 Qa5 14.Bxf6 Nxf6 15.Kg2 Qb5
16.Nc5 O-O 17.Rc2 Rfc8 18.Rhc1 a5 19.Qd3 Qb6 20.Ne5 a4 21.Qf5 b3 22.Nxa4 Qb7
23.axb3 Qxb3 24.Nc5 Bxc5 25.Rxc5 Qxb2 26.Rb1 Qe2 27.Nxc6 Re8 28.Ne5 Ra2 29.Rbc1 Qxe3
30.Rc8 Qe4+ 31.Qxe4 dxe4 32.Nd7 Ra8 33.Nxf6+ gxf6 34.Rxe8+ Rxe8 35.Kf1 Ra8
36.Ke2 Ra3 37.d5 Kf8 38.d6 Ke8 39.Rc8+ Kd7 40.Rc7+ Kxd6 41.Rxf7 Ke6 42.Rxh7 f5
43.Rh4 Ra2+ 44.Kf1 Ra1+ 45.Kg2 Ra2 46.Rf4 Ke5 47.h4 e3 48.Rf3 exf2 49.Rxf2 Ra1
50.Rb2 Rc1 51.Rb5+ Kf6 52.Rb6+ Ke5 53.h5 Ra1 54.h6 Rc1 55.h7  1-0

[Event "6th HZ Open"]
[Site "Vlissingen NED"]
[Date "2002.08.08"]
[Round "6"]
[White "Vanderstricht,G"]
[Black "Iordachescu,V"]
[Result "1/2-1/2"]
[WhiteElo "2404"]
[BlackElo "2555"]

1.d4 Nf6 2.c4 e6 3.Nf3 b6 4.g3 Ba6 5.b3 b5 6.cxb5 Bxb5 7.Nc3 Bb4 8.Bd2 Bc6
9.Bg2 O-O 10.O-O a5 11.Re1 Qc8 12.Qc2 Qb7 13.a3 Bxc3 14.Bxc3 Be4 15.Qb2 d6
16.b4 axb4 17.Qxb4 Qd5 18.a4 Nbd7 19.a5 Rfb8 20.Qa4 h6 21.Rec1 Ra7 22.Ne1 Bxg2
23.Nxg2 c5 24.Ne3 Qe4 25.Qd1 cxd4 26.Bxd4 Ra6 27.Nc4 e5 28.Bb6 d5 29.Bc7 Rba8
30.Nb6 R8a7 31.Nxd7 Nxd7 32.Rab1 d4 33.Qd3 Qxd3 34.exd3 g5 35.f3 f6 36.Kf2 Kf7
37.Rb5  1/2-1/2

[Event "II UPI"]
[Site "Mancha Real ESP"]
[Date "2002.08.10"]
[Round "9"]
[White "Sanchez Jimenez,JC"]
[Black "Herrera,I"]
[Result "1/2-1/2"]
[WhiteElo "2263"]
[BlackElo "2478"]

1.d4 Nf6 2.Nf3 e6 3.c4 b6 4.g3 Ba6 5.Qa4 c6 6.Nc3 Be7 7.Bf4 O-O 8.Bxb8 Qc8
9.Bf4 b5 10.cxb5 cxb5 11.Qd1  1/2-1/2

[Event "6th HZ Open"]
[Site "Vlissingen NED"]
[Date "2002.08.10"]
[Round "8"]
[White "Ikonnikov,V"]
[Black "Volke,K"]
[Result "1/2-1/2"]
[WhiteElo "2527"]
[BlackElo "2450"]

1.d4 Nf6 2.Nf3 e6 3.c4 b6 4.g3 Ba6 5.Qa4 Bb7 6.Bg2 c5 7.dxc5 bxc5 8.O-O Be7
9.Nc3 O-O 10.Bf4 Qb6 11.Rfd1 d6 12.Rab1 Na6 13.a3 Rac8 14.Qc2 h6 15.e4 Rfd8
16.Qe2 Nd7 17.Nb5 Nf8 18.Qe1 Rd7 19.Rd3 Nc7 20.Nc3 Ng6 21.Be3 Qa6 22.Bf1 Ne8
23.Rdd1 Bf6 24.Bd3 Bc6 25.Qe2 Bxc3 26.bxc3 Nf6 27.Bc1 Rb7 28.Rxb7 Qxb7 29.Re1 Nd7
30.Nd2 Nb6 31.Bc2 Na4 32.f4 Nxc3 33.Qd3 Na2 34.Nb3 Nxc1 35.Rxc1 d5 36.exd5 exd5
37.Na5 dxc4 38.Qxc4 Qe7 39.Nxc6 Rxc6 40.Be4 Rb6 41.Re1 Rb8 42.Re2 Qd6 43.Bxg6 Qxg6
44.Qxc5 Qa6 45.Kf2 Rc8 46.Qb4 Qd3 47.Rd2 Qf5 48.Qd4 Rc2 49.Rxc2 Qxc2+ 50.Kf3 Qb3+
51.Qe3 Qd5+ 52.Kf2 a5 53.h4 h5 54.Qe7 Kh7 55.a4 Qd4+  1/2-1/2

[Event "It"]
[Site "Tel Aviv ISR"]
[Date "2002.08.12"]
[Round "2"]
[White "Bykhovsky,Av"]
[Black "Gofshtein,Z"]
[Result "1/2-1/2"]
[WhiteElo "2455"]
[BlackElo "2519"]

1.d4 Nf6 2.c4 e6 3.Nf3 b6 4.g3 Ba6 5.Qb3 c6 6.Nc3 d5 7.cxd5 exd5 8.Bg5 Be7
9.Bg2 O-O 10.O-O Nbd7 11.Rfe1 Re8 12.Rad1 Bb7 13.Bxf6 Bxf6 14.e4 dxe4 15.Nxe4 Qc7
16.Nxf6+ Nxf6 17.Ne5 Re6 18.Rc1  1/2-1/2

[Event "It"]
[Site "Tel Aviv ISR"]
[Date "2002.08.13"]
[Round "4"]
[White "Bykhovsky,Av"]
[Black "Lerner,K"]
[Result "1/2-1/2"]
[WhiteElo "2455"]
[BlackElo "2536"]

1.d4 Nf6 2.c4 e6 3.Nf3 b6 4.g3 Ba6 5.Qb3 Nc6 6.Nbd2 d5 7.Bg2 Bd6 8.Qa4 Bb7
9.cxd5 exd5 10.Nc4 dxc4 11.Ne5 Bxe5 12.Bxc6+ Bxc6 13.Qxc6+ Kf8 14.dxe5 Qd5
15.Qxd5 Nxd5 16.Bd2 c5 17.a4 Re8 18.f4 f6 19.e4 Nb4 20.Bxb4 cxb4 21.Rc1 Rc8
22.exf6 gxf6 23.Ke2 Ke7 24.Rhd1 Rc5 25.Rd4  1/2-1/2

[Event "11th Open"]
[Site "Kavala GRE"]
[Date "2002.08.14"]
[Round "6"]
[White "Hellsten,J"]
[Black "Istratescu,A"]
[Result "1/2-1/2"]
[WhiteElo "2477"]
[BlackElo "2622"]

1.d4 Nf6 2.Nf3 e6 3.c4 b6 4.g3 Ba6 5.Nbd2 Bb7 6.Bg2 d5 7.O-O Be7 8.b3 O-O
9.Bb2 a5 10.a3 Nbd7 11.Qc2 c5 12.Rad1 a4 13.bxa4 Bc6 14.Qb1 Rxa4 15.Ne5 Nxe5
16.dxe5 Ne8 17.cxd5 exd5 18.Ne4 Qa8 19.Nc3 Rd4 20.Rxd4 cxd4 21.Na2 Bxa3 22.Bxa3 Qxa3
23.Qxb6 Qxa2 24.Qxc6 Qxe2 25.Qxd5 d3 26.Be4 d2 27.Qd3 Qe1 28.Qb1 Qxb1 29.Rxb1 Nc7
30.Bf3 g5  1/2-1/2

[Event "ch-AUT"]
[Site "Oberpullendorf AUT"]
[Date "2002.08.14"]
[Round "5"]
[White "Kummer,Hel"]
[Black "Kranz,A"]
[Result "1-0"]
[WhiteElo "2347"]
[BlackElo "2153"]

1.d4 Nf6 2.c4 e6 3.Nf3 b6 4.g3 Ba6 5.b3 Bb4+ 6.Bd2 Be7 7.Bg2 c6 8.Bc3 d5
9.Ne5 Nfd7 10.Nxd7 Nxd7 11.Nd2 Rc8 12.O-O O-O 13.e4 b5 14.Re1 bxc4 15.bxc4 dxc4
16.Qa4 Bb5 17.Qc2 Qc7 18.a4 Ba6 19.f4 Rfd8 20.Rad1 Rb8 21.Bf1 c5 22.d5 exd5
23.exd5 Bf6 24.Bxc4 Bxc4 25.Nxc4 Bxc3 26.Qxc3 Nf6 27.d6 Qb7 28.Ne5 Ne4 29.Qf3 Rxd6
30.Rxd6 Nxd6 31.Qxb7 Rxb7 32.Nc4 h5 33.Nxd6 Rb4 34.Re8+ Kh7 35.Nxf7 Rxa4
36.f5 g6 37.f6 g5 38.Ne5  1-0

[Event "ch-AUT"]
[Site "Oberpullendorf AUT"]
[Date "2002.08.16"]
[Round "7"]
[White "Schneider Zinner,H"]
[Black "Genser,H"]
[Result "1-0"]
[WhiteElo "2344"]
[BlackElo "2248"]

1.d4 Nf6 2.c4 e6 3.Nf3 b6 4.g3 Ba6 5.Qa4 Be7 6.Bg2 Bb7 7.O-O O-O 8.Nc3 d6
9.Qc2 c5 10.d5 exd5 11.cxd5 Na6 12.e4 Nc7 13.Nh4 Nfe8 14.Nf5 g6 15.Nxe7+ Qxe7
16.Bh6 Ng7 17.Rae1 Qd7 18.f4 f6 19.h4 b5 20.e5 fxe5 21.fxe5 Rxf1+ 22.Rxf1 Nf5
23.e6 Qe7 24.Rxf5 gxf5 25.Qxf5 Ne8 26.Nxb5 a6 27.Nxd6 Nxd6 28.Qg4+ Kh8 29.Bf4 Rg8
30.Be5+ Rg7 31.Qf4 Ne8 32.d6 Nxd6 33.Bxd6 Qxe6 34.Be5  1-0

[Event "11th Open"]
[Site "Kavala GRE"]
[Date "2002.08.17"]
[Round "9"]
[White "Istratescu,A"]
[Black "Pedersen,NV"]
[Result "0-1"]
[WhiteElo "2622"]
[BlackElo "2458"]

1.d4 Nf6 2.c4 e6 3.Nf3 b6 4.g3 Ba6 5.Qa4 c5 6.Bg2 Bb7 7.dxc5 bxc5 8.O-O Be7
9.Nc3 O-O 10.Rd1 Qb6 11.Bf4 d6 12.Rd2 Nc6 13.Bxd6 Bxd6 14.Rxd6 Qxb2 15.Rb1 Qxc3
16.Rxb7 Nd4 17.Nxd4 Qe1+ 18.Bf1 Ne4  0-1

[Event "Saraybahce GP"]
[Site "Kocaeli TUR"]
[Date "2002.08.18"]
[Round "2"]
[White "Bagaturov,G"]
[Black "Jobava,Be"]
[Result "0-1"]
[WhiteElo "2437"]
[BlackElo "2264"]

1.d4 Nf6 2.Nf3 e6 3.c4 b6 4.g3 Ba6 5.b3 Bb4+ 6.Bd2 Be7 7.Nc3 d5 8.cxd5 exd5
9.Bg2 Bb7 10.O-O O-O 11.Qc2 Na6 12.Rad1 c5 13.Bf4 Rc8 14.Bh3 Ra8 15.Ne5 Nc7
16.Na4 Na6 17.Bg2 Re8 18.Qb2 Qc8 19.Nc3 Qe6 20.Nd3 Ne4 21.Be3 Bf6 22.Nf4 Qd7
23.Nh5 Qf5 24.Nxe4 dxe4 25.Nxf6+ Qxf6 26.Qa3 Qe7 27.dxc5 Nxc5 28.b4 Ne6 29.Qa4 Rec8
30.a3 f5 31.Qb5 g6 32.Qe5 Kf7 33.Bh6 Rd8 34.g4 Qf6 35.Qxf6+ Kxf6 36.gxf5 gxf5
37.Bc1 Ba6 38.Rde1 Nd4 39.Bb2 Ke6 40.Bxd4 Rxd4 41.f3 e3 42.Rc1 f4 43.Rfe1 Rd2
44.Kf1 Rad8 45.a4 Ke5 46.b5 Bb7 47.Bh3 Rg8 48.Rc7 Bxf3 49.Re7+ Kf6 50.Re6+ Kf7
51.Re5 Bg4 52.Bxg4 Rxg4 53.h3 Rg6 54.Rc1 Kf6 55.Re8 Kf5 56.Rf8+ Rf6 57.Rxf6+ Kxf6
58.Rc7 h5 59.Rxa7 Kg5 60.a5 bxa5 61.b6 Kh4 62.Rxa5 Rb2 63.b7 Kg3 64.Rg5+ Kh2  0-1

[Event "13th Summer Open"]
[Site "Recklinghausen GER"]
[Date "2002.08.23"]
[Round "7"]
[White "Halasz,T"]
[Black "Wyrwich,T"]
[Result "1-0"]
[WhiteElo "2386"]
[BlackElo "2259"]

1.d4 Nf6 2.Nf3 e6 3.c4 b6 4.g3 Ba6 5.b3 Bb4+ 6.Bd2 Be7 7.Bg2 c6 8.Bc3 d5
9.Nbd2 Nbd7 10.O-O Bb7 11.Qc2 O-O 12.Rfe1 Rc8 13.e4 a5 14.Rad1 h6 15.Ne5 Qc7
16.f4 c5 17.exd5 cxd4 18.Nxd7 dxc3 19.Nxf6+ Bxf6 20.Ne4 Bd8 21.dxe6 Bxe4
22.exf7+ Kh8 23.Bxe4 Qxf7 24.Bd5 Qc7 25.Qg6  1-0

[Event "13th Summer Open"]
[Site "Recklinghausen GER"]
[Date "2002.08.25"]
[Round "9"]
[White "Wyrwich,T"]
[Black "Becker,Mart"]
[Result "1/2-1/2"]
[WhiteElo "2259"]
[BlackElo "2189"]

1.d4 Nf6 2.Nf3 e6 3.c4 b6 4.g3 Ba6 5.b3 Bb7 6.Bg2 Bb4+ 7.Bd2 a5 8.O-O O-O
9.Nc3 d6 10.Qc2 Nbd7 11.Rfe1 Bxc3 12.Bxc3 Be4 13.Qb2 c6 14.Bf1 b5 15.Nd2 Bg6
16.b4 a4 17.c5 d5 18.f3 Nh5 19.e4 f5 20.exd5 exd5 21.Re6 Rf6 22.Rae1 Bf7
23.R6e2 Nf8 24.Bh3 Qd7 25.Nf1 g5 26.Bd2 Rg6 27.Qc1 h6 28.Re7 Qc8 29.R7e5 Ng7
30.Qc2 Rf6 31.Ne3 Be6 32.Nd1 Qd7 33.Bc3 Ng6 34.R5e2 Kf7 35.Nf2 Ke7 36.Nd3 Kd8
37.Ne5 Nxe5 38.Rxe5 Kc7 39.Kh1 Re8 40.Bf1 Kb7 41.Bd2 Ref8 42.Bd3 Ka8 43.Bc1 Ne8
44.Qg2 Nc7 45.Qe2 Rg8 46.Rg1 h5 47.Bd2 Kb7 48.Qe1 Qg7 49.Qe2 Qf7 50.Qe1 Rg7
51.f4 g4 52.Qe3 Rh7 53.Be1 Bd7 54.Bf2 Ne6 55.Re1 Kc7 56.Bf1 Kd8 57.Kg1 Nf8
58.Qd2 Ng6 59.Bg2 Kc7 60.Bh1 Qg7 61.R1e2 Rf8 62.a3 Qf6 63.Qe1 Rfh8 64.Qd2 h4
65.Qe1 hxg3 66.Bxg3 Nf8 67.Qf2 Ne6 68.Re1 Ng7 69.Bg2 Nh5 70.R1e3 Nxg3 71.hxg3 Rh2
72.Kf1 R2h7  1/2-1/2

[Event "ch-FRA"]
[Site "Val d'Isere FRA"]
[Date "2002.08.30"]
[Round "11"]
[White "Bauer,Ch"]
[Black "Sokolov,And"]
[Result "1-0"]
[WhiteElo "2550"]
[BlackElo "2587"]

1.d4 Nf6 2.c4 e6 3.Nf3 b6 4.g3 Ba6 5.Qb3 d5 6.cxd5 exd5 7.Bg5 c6 8.Nc3 Be7
9.Bxf6 Bxf6 10.e4 dxe4 11.Nxe4 O-O 12.O-O-O Bc8 13.Ne5 a5 14.Bc4 a4 15.Bxf7+ Kh8
16.Qa3 c5 17.f4 Bb7 18.dxc5 Qc7 19.Bd5 Bxe5 20.fxe5 Na6 21.Rhe1 bxc5 22.e6 Nb4
23.Bxb7 Qxb7 24.Kb1 Qe7 25.Rd6 Rad8 26.Qxa4 Rxd6 27.Nxd6 Qxd6 28.e7 Qxe7
29.Qxb4 cxb4 30.Rxe7 h5 31.Re2 Rf3 32.Kc2 Kh7 33.Kd2 g5 34.Re7+ Kg6 35.Ke2 Rf8
36.Rb7 Ra8 37.Rxb4 Rxa2 38.Kd3 Kf5 39.h3 Ra1 40.g4+ hxg4 41.hxg4+ Ke5 42.b3 Rh1
43.Rc4 Rh3+ 44.Kc2 Kd5 45.Kb2 Rh2+ 46.Kc3 Rh8 47.Rd4+ Kc6 48.Kc4 Rh1 49.Re4 Rc1+
50.Kd4 Rb1 51.Ke5 Rxb3 52.Kf6 Rb8 53.Kxg5 Kd5 54.Re7 Kd6 55.Kf6 Rb4 56.Rg7 Rf4+
57.Kg5 Rf8 58.Kh6 Ke5 59.g5 Kf5 60.g6 Kf6 61.Rh7  1-0

[Event "ch-RUS"]
[Site "Krasnodar RUS"]
[Date "2002.08.31"]
[Round "5"]
[White "Tunik,G"]
[Black "Riazantsev,A"]
[Result "1/2-1/2"]
[WhiteElo "2505"]
[BlackElo "2537"]

1.d4 Nf6 2.c4 e6 3.Nf3 b6 4.g3 Ba6 5.b3 Bb4+ 6.Bd2 Be7 7.Bg2 c6 8.Bc3 d5
9.Nbd2 Nbd7 10.O-O O-O 11.Re1 Bb7 12.e4 dxe4 13.Nxe4 Nxe4 14.Rxe4 c5 15.Re3 cxd4
16.Nxd4 Bxg2  1/2-1/2

[Event "ch-Arab"]
[Site "Casablanca MAR"]
[Date "2002.09.04"]
[Round "9"]
[White "Saleh,Nab"]
[Black "Beloudah,S"]
[Result "1/2-1/2"]
[WhiteElo "2234"]
[BlackElo "2383"]

1.d4 Nf6 2.Nf3 e6 3.c4 b6 4.g3 Ba6 5.b3 Bb4+ 6.Bd2 Be7 7.Bg2 d5 8.Bc3 c6
9.Nbd2 Nbd7 10.O-O Rc8 11.Bb2 O-O 12.Re1 c5 13.e4 dxc4 14.bxc4 cxd4 15.e5 Ng4
16.h3 Nh6 17.Nxd4 Nc5 18.Qc2 Qd7 19.Rac1 Rfd8 20.Red1 Qe8 21.Nf1 Na4 22.Bc6 Rxc6
23.Qxa4 Bb7 24.Nxc6 Bxc6 25.Rxd8 Bxa4 26.Rxe8+ Bxe8 27.g4 Kf8 28.Bd4 Ba3
29.Rc3 Bb4 30.Rb3 Be7 31.Nd2 f5 32.exf6 gxf6 33.Ne4 f5 34.gxf5 Nxf5 35.Be5 Bc6
36.Nd2 Ba4 37.Rb1 Kf7 38.Bb8 Bc2 39.Rb2 Ba3 40.Rxc2 Nd4 41.Bxa7 Nxc2 42.Bxb6 Ke7
43.Ne4 Kd7 44.Bc5 Bxc5 45.Nxc5+ Kd6 46.Nd3 Na3 47.c5+ Kd5 48.Kf1 e5 49.f3 e4
50.fxe4+ Kxe4 51.Nb4 Kd4 52.c6 Nb5 53.Ke1 Kc5 54.a3 Kd6 55.a4 Nc3 56.a5 Nb5
57.Kd1 Kc5 58.Nc2 Kxc6  1/2-1/2

[Event "Kaissa I"]
[Site "Alushta UKR"]
[Date "2002.09.07"]
[Round "9"]
[White "Shtyrenkov,V"]
[Black "Nikitin,An"]
[Result "1-0"]
[WhiteElo "2457"]
[BlackElo "2471"]

1.d4 Nf6 2.c4 e6 3.Nf3 b6 4.g3 Ba6 5.Nbd2 Bb4 6.a3 Bxd2+ 7.Nxd2 d6 8.Nf3 Bb7
9.Bg2 Be4 10.O-O O-O 11.b3 Qe7 12.Bb2 Nbd7 13.b4 Rfc8 14.Qb3 a5 15.Rfc1 axb4
16.axb4 Qf8 17.Rxa8 Rxa8 18.b5 Ra7 19.Bh3 Qa8 20.Ne1 Ra2 21.f3 Bg6 22.e4 Qa4
23.Qc3 Qa5 24.Qxa5 Rxa5 25.Nd3 Ra2 26.Ra1 Rxa1+ 27.Bxa1 Kf8 28.Kf2 Ke7 29.Ke3 Nf8
30.e5 Ng8 31.exd6+ cxd6 32.Nb4 Ke8 33.Na6 Kd8 34.c5 Nf6 35.cxd6 Nd5+ 36.Kd2 Nd7
37.Bf1 f5 38.Bb2 Bh5 39.Be2 Kc8 40.Ba3 e5 41.g4 fxg4 42.fxg4 Bg6 43.Bc4 Be4
44.Bb2 exd4 45.Bxd4 N7f6 46.g5 Ng4 47.Nb4  1-0

[Event "SUI-GER"]
[Site "Zurich GER"]
[Date "2002.09.07"]
[Round "1"]
[White "Pelletier,Y"]
[Black "Naiditsch,A"]
[Result "1-0"]
[WhiteElo "2571"]
[BlackElo "2581"]

1.d4 Nf6 2.c4 e6 3.Nf3 b6 4.g3 Ba6 5.Qb3 Nc6 6.Nbd2 d5 7.Bg2 Be7 8.Qa4 Bb7
9.cxd5 exd5 10.Nc4 dxc4 11.Ne5 Bb4+ 12.Kf1 O-O 13.Nxc6 Qd7 14.Bg5 Rfe8 15.Bxf6 gxf6
16.Bf3 a6 17.Rd1 b5 18.Qxb4 Bxc6 19.d5 Re5 20.Qc5 Bb7 21.Kg2 Qd6 22.Qxd6 cxd6
23.Rd4 Rc8 24.g4 a5 25.Rc1 Ba6 26.e4 Re7 27.Be2 Rec7 28.Rd2 Rc5 29.Rdc2 b4
30.Kf3 a4 31.a3 Rb8 32.Ke3 Rb6 33.Bxc4 bxa3 34.bxa3 Bxc4 35.Rxc4 Rb3+ 36.Kf4 Ra5
37.R1c3 Kg7 38.Rxa4  1-0

[Event "7th WUCC Men"]
[Site "Ulaanbaatar MON"]
[Date "2002.09.11"]
[Round "1"]
[White "Moreno,W"]
[Black "Soltanici,R"]
[Result "0-1"]
[WhiteElo "2102"]
[BlackElo "2426"]

1.d4 Nf6 2.Nf3 e6 3.c4 b6 4.g3 Ba6 5.b3 b5 6.cxb5 Bxb5 7.Bg2 Bb4+ 8.Bd2 a5
9.O-O Bc6 10.a3 Be7 11.Nc3 O-O 12.Qc2 d5 13.Ne5 Bb7 14.Na4 Nfd7 15.Rfc1 c6
16.Nd3 Ba6 17.Bf4 Bb5 18.Nac5 Qb6 19.e3 Bxd3 20.Nxd3 Rc8 21.Nc5 Nxc5 22.dxc5 Qa7
23.e4 Nd7 24.Be3 dxe4 25.Bxe4 Nf6 26.Bf3 Nd5 27.Bd4 Bf6 28.Bxf6 Nxf6 29.Kg2 Nd5
30.b4 axb4 31.axb4 Qxa1 32.Rxa1 Rxa1 33.b5 cxb5 34.Qb2 Ra6 35.Qxb5 Rac6 36.Qb7 Rxc5
37.h4 h6 38.Bxd5 exd5 39.Qd7 R8c7 40.Qd6 R7c6 41.Qd7 Rf6 42.f4 Rc2+ 43.Kh3 Rc3
44.h5 Rxf4 45.Qxd5 Rff3 46.Qd8+ Kh7 47.Qe8 Rce3 48.Qd7 Rxg3+ 49.Kh4 Ref3
50.Qd4 Rh3+ 51.Kg4 Rfg3+ 52.Kf4 Rh4+  0-1

[Event "FSGM Sept"]
[Site "Budapest HUN"]
[Date "2002.09.12"]
[Round "6"]
[White "Lechtynsky,J"]
[Black "Aagaard,J"]
[Result "1-0"]
[WhiteElo "2404"]
[BlackElo "2359"]

1.d4 Nf6 2.Nf3 e6 3.c4 b6 4.g3 Ba6 5.Nbd2 d5 6.cxd5 exd5 7.Bg2 Be7 8.O-O O-O
9.Re1 Bb7 10.Ne5 a5 11.Qc2 Na6 12.a3 c5 13.b3 Rc8 14.Bb2 cxd4 15.Qb1 Ne4
16.Nxe4 dxe4 17.Bxe4 Bxe4 18.Qxe4 Nc5 19.Qf3 Qc7 20.Nc4 a4 21.Nd2 Bg5 22.Ne4 Nxe4
23.Qxe4 Rfe8 24.Qg4 Bh6 25.bxa4 Qc2 26.Qxd4 Red8 27.Rac1 Bxc1 28.Qxg7+  1-0

[Event "FSIMA Sept"]
[Site "Budapest HUN"]
[Date "2002.09.13"]
[Round "7"]
[White "Rat,D"]
[Black "Horvath,An"]
[Result "1-0"]
[WhiteElo "2345"]
[BlackElo "2281"]

1.d4 Nf6 2.c4 e6 3.Nf3 b6 4.g3 Ba6 5.Nbd2 Bb7 6.Bg2 c5 7.e4 d6 8.d5 exd5
9.cxd5 g6 10.O-O Bg7 11.Qa4+ Qd7 12.Qc2 O-O 13.Nc4 b5 14.Na5 Ba6 15.Re1 Qc7
16.Bd2 Nbd7 17.a4 Rfe8 18.Bf1 c4 19.axb5 Bxb5 20.Nxc4 Bxc4 21.Bxc4 Rac8 22.Rac1 Nc5
23.Bb5 Re7 24.e5 Nxd5 25.b4 Qb7 26.exd6 Rxe1+ 27.Bxe1 Bh6 28.d7 Rd8 29.Qxc5 Bxc1
30.Bc6  1-0

[Event "Autumn I"]
[Site "Alushta UKR"]
[Date "2002.09.15"]
[Round "1"]
[White "Selin,O"]
[Black "Zavgorodniy,S"]
[Result "0-1"]
[WhiteElo "2432"]
[BlackElo "2393"]

1.d4 Nf6 2.c4 e6 3.Nf3 b6 4.g3 Ba6 5.b3 Bb4+ 6.Bd2 Be7 7.Bg2 c6 8.O-O d5
9.Ne5 Nfd7 10.Nxd7 Nxd7 11.Bc3 O-O 12.Nd2 Rc8 13.e4 b5 14.Re1 dxe4 15.Bxe4 bxc4
16.Nxc4 c5 17.d5 exd5 18.Qxd5 Bf6 19.Rac1 Bxc3 20.Rxc3 Nf6 21.Qxd8 Rfxd8
22.Bf3 Kf8 23.Rec1 Nd5 24.Rd3 Nb4 25.Rd6 Nxa2 26.Ra1 Bxc4 27.Rxd8+ Rxd8 28.bxc4 Rd2
29.Bd5 a5 30.Bc6 Nb4 31.Bb5 Ra2 32.Re1 g6 33.Re8+ Kg7 34.Ra8 Nd3 35.f4 Nb2
36.Ra7 a4 37.Be8 Kf8 38.Bxf7 a3 39.Bd5 Ra1+ 40.Kf2 Nd3+  0-1

[Event "7th WUCC Men"]
[Site "Ulaanbaatar MON"]
[Date "2002.09.18"]
[Round "7"]
[White "Sharavdorj,D"]
[Black "Zhang Zhong"]
[Result "1/2-1/2"]
[WhiteElo "2427"]
[BlackElo "2637"]

1.d4 Nf6 2.c4 e6 3.Nf3 b6 4.g3 Ba6 5.b3 Bb7 6.Bg2 Bb4+ 7.Bd2 a5 8.O-O O-O
9.Qc2 d6 10.Bf4 a4 11.Nc3 Bxc3 12.Qxc3 Nbd7 13.b4 Qe7 14.Rfd1 h6 15.a3 Ne4
16.Qc2 f5 17.Bc1 Ndf6 18.Nh4 Qf7 19.f3 Ng5 20.d5 Rae8 21.dxe6 Qxe6 22.Nxf5 Qxe2
23.Qxe2 Rxe2 24.Nd4 Ree8 25.Bxg5 hxg5 26.Nb5 Re2 27.Re1 Rfe8 28.Kf1 Rc2 29.Nxc7 Rxe1+
30.Rxe1 g4 31.Re3 Rxc4 32.Ne6 Rc2 33.Ng5 Rb2 34.h3 Rb3 35.Kf2 Kf8 36.Ne6+ Kg8
37.Nd4 Rb2+ 38.Re2 Rxe2+  1/2-1/2

[Event "Autumn I"]
[Site "Alushta UKR"]
[Date "2002.09.19"]
[Round "7"]
[White "Selin,O"]
[Black "Obukhov,A"]
[Result "1/2-1/2"]
[WhiteElo "2432"]
[BlackElo "2444"]

1.d4 Nf6 2.c4 e6 3.Nf3 b6 4.g3 Ba6 5.b3 Bb4+ 6.Bd2 Be7 7.Bg2 d5 8.O-O O-O
9.Ne5 Bb7 10.Nc3 Na6 11.cxd5 exd5 12.Bg5 Re8 13.e3 c5 14.Nd3 Ne4 15.Bxe7 Rxe7
16.Rc1 cxd4 17.exd4 Nc7 18.Nf4 Qd6 19.Re1 Rae8 20.Qc2 Qb4 21.Red1 g6 22.h4 Nxc3
23.Qxc3 Qxc3 24.Rxc3 Re1+ 25.Rxe1 Rxe1+ 26.Kh2 Re7  1/2-1/2

[Event "Autumn I"]
[Site "Alushta UKR"]
[Date "2002.09.19"]
[Round "7"]
[White "Nikitin,An"]
[Black "Smirnov,I UKR"]
[Result "1/2-1/2"]
[WhiteElo "2471"]
[BlackElo "2364"]

1.d4 Nf6 2.c4 e6 3.Nf3 b6 4.g3 Ba6 5.Qb3 Bb7 6.Bg2 c5 7.d5 Be7 8.Nc3 exd5
9.cxd5 O-O 10.e4 d6 11.O-O Nbd7 12.Bf4 Nh5 13.Be3 Re8 14.Rad1 Bf8 15.Rfe1 Nhf6
16.Bf4 Ng4 17.h3 Nge5 18.Nxe5 dxe5 19.Be3 Bd6 20.h4 a6 21.a4 Rb8 22.Qc2 Qc7
23.Rc1 c4 24.Qe2 Ba8 25.Bh3 b5 26.axb5 axb5 27.Bxd7 Qxd7 28.Ra1 Bb7 29.Ra5 Bb4
30.Ra7 Ra8 31.Rea1 Rxa7 32.Rxa7 Ra8 33.Rxa8+ Bxa8 34.Qd1 f5 35.Qa1 Bb7 36.Qa7 Bxc3
37.bxc3 fxe4 38.Qb8+ Kf7 39.d6 h6 40.h5 Bc6 41.Bc5 e3 42.Bxe3 Bf3 43.Qc7  1/2-1/2

[Event "Autumn I"]
[Site "Alushta UKR"]
[Date "2002.09.20"]
[Round "8"]
[White "Belikov,V"]
[Black "Zavgorodniy,S"]
[Result "1-0"]
[WhiteElo "2487"]
[BlackElo "2393"]

1.d4 Nf6 2.c4 e6 3.Nf3 b6 4.g3 Ba6 5.b3 Bb4+ 6.Bd2 Be7 7.Bg2 c6 8.O-O d5
9.Qc2 Nbd7 10.a4 O-O 11.Rd1 Rc8 12.a5 c5 13.axb6 Qxb6 14.Ba5 Qb8 15.Bc3 Bb7
16.dxc5 Bxc5 17.Nbd2 dxc4 18.bxc4 Qa8 19.e3 Ne4 20.Nxe4 Bxe4 21.Qe2 Rfd8
22.Ng5 Bxg2 23.Qh5 e5 24.Qxf7+ Kh8 25.Rxd7 Rxd7 26.Qxd7 Qb7 27.Qf5  1-0